Atlas de la opinión Iberoamericana 500 años después. Iberoamerica Habla /

Gespeichert in:
Bibliographische Detailangaben
Körperschaften: Programa de Estudios Políticosd y relaciones Internacionales, Facultad de Estudios Interdisciplenarios Pontificia Universidad Javeriana
Format: Text
Veröffentlicht: s.l.: PEPRI
Tags: Tag hinzufügen
Keine Tags, Fügen Sie den ersten Tag hinzu!

MARC

LEADER 00000 a a2200000 04500
001 23102
003
040
090 |a 159400  
110 |a Programa de Estudios Políticosd y relaciones Internacionales  
245 |a Atlas de la opinión Iberoamericana 500 años después. Iberoamerica Habla /  |c Programa de Estudios Políticosd y relaciones Internacionales  
260 |a s.l.:   |b PEPRI  
300 |a 64 p.  
710 |a Facultad de Estudios Interdisciplenarios   |a Pontificia Universidad Javeriana  
999 |c 17144  |d 17144